| 000 | 00439nam a2200193Ia 4500 | ||
|---|---|---|---|
| 003 | OSt | ||
| 005 | 20251118153336.0 | ||
| 008 | 250729s1900 xx 000 0 und d | ||
| 020 | _a978-0743234856 | ||
| 040 | _cAL | ||
| 041 | _aeng | ||
| 082 | _a158.1 PEAS | ||
| 100 |
_aPeale Norman Vincent _9224516 |
||
| 245 | _aStay aliva all your life | ||
| 260 | _aUSA | ||
| 300 | _a256p | ||
| 650 |
_aPsychology _9224517 |
||
| 942 |
_2ddc _cBED |
||
| 999 |
_c236449 _d236449 |
||